Numerical computation /
Guardado en:
| Autor Principal: | |
|---|---|
| Formato: | Libro |
| Idioma: | English |
| Publicado: |
London :
Nelson,
c1972.
|
| Materias: | |
| Etiquetas: |
Agregar Etiqueta
Sin Etiquetas, Sea el primero en etiquetar este registro!
|
| LEADER | 00698cam a22002175a 4500 | ||
|---|---|---|---|
| 001 | EIQ.libpla000323 | ||
| 008 | 730802s1972####enka#####b####001#0#eng#d | ||
| 005 | 20060512144341.0 | ||
| 245 | 1 | 0 | |a Numerical computation / |c P. W. Williams. |
| 260 | |a London : |b Nelson, |c c1972. | ||
| 300 | |a viii, 191 p. : |b il. ; |c 24 cm. | ||
| 500 | |a Incluye índice. | ||
| 504 | |a Bibliografía: p. 183-184. | ||
| 020 | |a 0177710187 (Tapa blanda) | ||
| 100 | 1 | |a Williams, Philip Weston. | |
| 082 | 0 | 0 | |a 519.4 |
| 650 | 0 | |a Análisis numérico |x Procesamiento de datos. | |
| 650 | 0 | |a Numerical analysis |x Data processing. | |
| 010 | |a 73165853 | ||
| 040 | |a DLC |c DLC |d AR-BbSID | ||
| 859 | |a AR-BbSID |b BIB. PLAPIQUI |h 519.4 |i W 67 |p 166 | ||
